Principios de medicina interna / (Record no. 47716)

MARC details
000 -LEADER
campo de control de longitud fija 00881nam a2200253 i 4500
001 - NÚMERO DE CONTROL
campo de control 47716
003 - IDENTIFICADOR DE NÚMERO DE CONTROL
campo de control ES-MaACL
005 - FECHA Y HORA DE LA ÚLTIMA TRANSACCIÓN
campo de control 20250806014151.0
007 - CAMPO FIJO DE DESCRIPCIÓN FÍSICA--INFORMACIÓN GENERAL
campo de control de longitud fija t|
008 - DATOS DE LONGITUD FIJA--INFORMACIÓN GENERAL
campo de control de longitud fija 030520s2002 sp a |||| | spa j
020 ## - NÚMERO INTERNACIONAL ESTÁNDAR DEL LIBRO
Número Internacional Estándar del Libro 84-486-0362-1
080 ## - NÚMERO DE LA CLASIFICACIÓN DECIMAL UNIVERSAL
Número de la Clasificación Decimal Universal 616
130 0# - ENTRADA PRINCIPAL--TÍTULO UNIFORME
Título uniforme Harrison's principles of internal medicine.
Lenguaje de la obra Español.
9 (RLIN) 121952
245 10 - MENCIÓN DEL TÍTULO
Título Principios de medicina interna /
Mención de responsabilidad, etc. Harrison ; editores, Eugene Braunwald ... [et al. ; traducción, José Luis Agud Aparicio ... et al.].
250 ## - MENCION DE EDICION
Mención de edición 15ª ed.
260 ## - PUBLICACIÓN, DISTRIBUCIÓN, ETC.
Lugar de publicación, distribución, etc. Madrid :
Nombre del editor, distribuidor, etc. McGraw-Hill, Interamericana de España,
Fecha de publicación, distribución, etc. 2002.
300 ## - DESCRIPCIÓN FÍSICA
Extensión 2 v :
Otras características físicas il. col. y n ;
Dimensiones 29 cm.
650 17 - PUNTO DE ACCESO ADICIONAL DE MATERIA--TÉRMINO DE MATERIA
Término de materia o nombre geográfico como elemento de entrada Medicina interna
Fuente del encabezamiento o término embne
9 (RLIN) 14925
700 1# - ENTRADA AGREGADA--NOMBRE PERSONAL
Nombre de persona Harrison, Tinsley Randolph.
9 (RLIN) 61943
700 1# - ENTRADA AGREGADA--NOMBRE PERSONAL
Nombre de persona Braunwald, Eugene.
9 (RLIN) 31436
700 1# - ENTRADA AGREGADA--NOMBRE PERSONAL
Nombre de persona Agud Aparicio, José Luis.
9 (RLIN) 18644
852 ## - LOCALIZACIÓN
Ubicación ES-MaACL
Número de control de estantería L-26324-25
Holdings
Estatus retirado Estado de pérdida Estado de daño No para préstamo Biblioteca de origen Biblioteca actual Ubicación en estantería Fecha de adquisición Fuente de adquisición Total de préstamos Signatura topográfica completa Código de barras Visto por última vez Precio de reemplazo Tipo de ítem Koha
        Biblioteca del Ateneo de Madrid Biblioteca del Ateneo de Madrid Depósito 2 17/01/2008     L-26324-25 1050208 23/02/2023 23/02/2023 Libro impreso